|
|
|
|
| LEADER |
00665nam a2200193Ia 4500 |
| 001 |
CTU_150012 |
| 008 |
210402s9999 xx 000 0 und d |
| 082 |
|
|
|a 639.3
|
| 082 |
|
|
|b C734
|
| 110 |
|
|
|a Committe on Animal Nutrition Board on agriculture National Research Council
|
| 245 |
|
0 |
|a Nutrition requirements of fish 1993
|
| 245 |
|
0 |
|c Committe on Animal Nutrition Board on agriculture National Research Council
|
| 260 |
|
|
|a Washington, D.c
|
| 260 |
|
|
|b National Academy Press
|
| 260 |
|
|
|c 1993
|
| 650 |
|
|
|a Fishes,Fishes
|
| 650 |
|
|
|x Nutrition,Requirements,Feeding and feeds
|
| 904 |
|
|
|i Năm
|
| 980 |
|
|
|a Trung tâm Học liệu Trường Đại học Cần Thơ
|